POINT Vocabulary Words - Statistics

General Stats
  • This quiz has been taken 140 times
    132 since last reset
  • The average score is 10 of 20
Answer Stats
hint answer % Correct
type of pen ballpoint
92%
a person's opinion viewpoint
89%
half way midpoint
85%
assign to a position of responsibility appoint
75%
fail to fulfil the hopes of disappoint
69%
three singing sisters from the 1980's Pointer Sisters
63%
one point from victory in tennis match point
61%
basketball playing position point guard
58%
US Military Academy West Point
58%
Charlie, in Berlin, is probably the most famous checkpoint
52%
very close range point blank
46%
fine-stitched embroidery on canvas needlepoint
43%
extremely accurate pinpoint
42%
movie thriller starring Keanu Reeves Point Break
39%
painting style using tiny dots of color pointillism
38%
lead soldier in a patrol point man
25%
combining different melodies in music counterpoint
22%
called in a meeting, to examine a procedural issue point of order
9%
close boxing result points decision
8%
0.01% basis point
2%
No matching quizzes found
Score Distribution
Percent of People with Each Score
Percentile by Number Answered
Your Score History
You have not taken this quiz since the last reset